[Event "V Floripa Chess Open 2019"]
[Site "Florianopolis/SC"]
[Date "2019.01.23"]
[Round "4.184"]
[White "Da Rocha, Lucas Sampaio"]
[Black "Albuquerque, Jefferson G. Souza"]
[Result "1/2-1/2"]
[WhiteElo "1619"]
[BlackElo "1811"]
[PlyCount "113"]
[EventDate "2019.01.21"]
[EventRounds "10"]
[EventCountry "BRA"]

1. e4 c5 2. Nf3 d6 3. d4 cxd4 4. Nxd4 Nf6 5. Nc3 a6 6. f3 b5 7. a3 e5 8. Nb3 Be7 9. Bg5 h6 10. Bxf6 Bxf6 11. Nd5 Bb7 12. c4 bxc4 13. Bxc4 O-O 14. O-O Nd7 15. Qd2 Bxd5 16. Bxd5 Rc8 17. Kh1 Nb6 18. Rac1 Rxc1 19. Nxc1 Nxd5 20. Qxd5 Qb6 21. b4 Rc8 22. Ne2 Qe3 23. Ng3 Qxa3 24. Qxd6 Rc4 25. Nh5 Rc1 26. Ng3 Bh4 27. Qd2 Bg5 28. Qe2 Rxf1+ 29. Qxf1 Qa4 30. Nf5 g6 31. h4 Bd2 32. Ne7+ Kg7 33. Nd5 Bxb4 34. Nxb4 Qxb4 35. Qxa6 Qe1+ 36. Kh2 Qxh4+ 37. Kg1 Qg3 38. Qc8 h5 39. Qd7 h4 40. Qc8 Qf4 41. Kf2 Kh6 42. Qh8+ Kg5 43. Qd8+ f6 44. Qd7 Qg3+ 45. Kg1 Qf4 46. Qc8 Qg3 47. Kf1 h3 48. Qxh3 Qxh3 49. gxh3 Kh4 50. Kg2 f5 51. exf5 gxf5 52. Kh2 e4 53. fxe4 fxe4 54. Kg2 Kg5 55. Kf2 Kh4 56. Ke3 Kxh3 57. Kxe4 1/2-1/2

[Event "V Floripa Chess Open 2019"]
[Site "Florianopolis/SC"]
[Date "2019.01.23"]
[Round "4.185"]
[White "De Oliveira, Marlon Joshua"]
[Black "De Souza, Paulo H. Pinheiro"]
[Result "1-0"]
[WhiteElo "1800"]
[BlackElo "1619"]
[PlyCount "29"]
[EventDate "2019.01.21"]
[EventRounds "10"]
[EventCountry "BRA"]

1. d4 Nf6 2. Bf4 b6 3. Nf3 Bb7 4. e3 e6 5. Nbd2 c5 6. c3 Be7 7. Be2 O-O 8. O-O d6 9. b4 cxb4 10. cxb4 Nd5 11. a3 Nxf4 12. exf4 Nd7 13. Rc1 Rc8 14. Qa4 Bc6 15. Rxc6 1-0

[Event "V Floripa Chess Open 2019"]
[Site "Florianopolis/SC"]
[Date "2019.01.23"]
[Round "4.186"]
[White "Wilberger, Marcelo"]
[Black "Zottis, Pietro"]
[Result "1-0"]
[WhiteElo "1617"]
[BlackElo "1789"]
[PlyCount "67"]
[EventDate "2019.01.21"]
[EventRounds "10"]
[EventCountry "BRA"]

1. d4 d5 2. Nf3 Nf6 3. g3 g6 4. Bg2 Bg7 5. O-O O-O 6. c4 dxc4 7. Na3 Nc6 8. Nxc4 b5 9. Nce5 Nxe5 10. Nxe5 Nd5 11. Nc6 Qd6 12. Bxd5 Qxd5 13. Nxe7+ Kh8 14. Nxd5 Bg4 15. Be3 c6 16. Nf4 Rad8 17. f3 Bf5 18. Rc1 c5 19. Rxc5 Rd7 20. g4 Rg8 21. gxf5 gxf5 22. Kf2 Bf6 23. Rg1 Bh4+ 24. Kf1 Rxg1+ 25. Bxg1 Rd6 26. d5 Rh6 27. Bd4+ Bf6 28. Bxf6+ Rxf6 29. Qd4 Kg7 30. Nh5+ Kg6 31. Qxf6+ Kxh5 32. Qxf5+ Kh6 33. Rc6+ Kg7 34. Qf6+ 1-0

[Event "V Floripa Chess Open 2019"]
[Site "Florianopolis/SC"]
[Date "2019.01.23"]
[Round "4.187"]
[White "Dummer, Micael Schwenske"]
[Black "Sato, Leticia Miho"]
[Result "0-1"]
[WhiteElo "1800"]
[BlackElo "1613"]
[PlyCount "76"]
[EventDate "2019.01.21"]
[EventRounds "10"]
[EventCountry "BRA"]

1. e4 e5 2. f4 exf4 3. Bc4 Ne7 4. Nc3 Nbc6 5. d4 Na5 6. Bxf7+ Kxf7 7. Qh5+ Ng6 8. Qxa5 Qh4+ 9. Kf1 Qf6 10. Nf3 c6 11. e5 Qf5 12. Ne4 Be7 13. Nfg5+ Bxg5 14. Nxg5+ Qxg5 15. e6+ Kf6 16. Qc3 dxe6 17. g3 Qd5 18. Rg1 f3 19. Qd3 Qb5 20. c4 Qf5 21. Qe3 Qh3+ 22. Ke1 Ke7 23. d5 Rf8 24. Qc5+ Ke8 25. Be3 Qxh2 26. Bf2 Qh5 27. Kd2 cxd5 28. Rae1 Kf7 29. Qc7+ Kg8 30. Bd4 e5 31. Rh1 Qg5+ 32. Be3 Qe7 33. Qa5 b6 34. Qa4 dxc4 35. Qc2 Bf5 36. Qc3 Rfd8+ 37. Kc1 Bd3 38. Rh5 f2 0-1

[Event "V Floripa Chess Open 2019"]
[Site "Florianopolis/SC"]
[Date "2019.01.23"]
[Round "4.188"]
[White "Souza, Neurismar Da Rocha"]
[Black "Morato, Saulo Duenas"]
[Result "1-0"]
[WhiteElo "1612"]
[BlackElo "1770"]
[PlyCount "52"]
[EventDate "2019.01.21"]
[EventRounds "10"]
[EventCountry "BRA"]

1. e4 e5 2. Nf3 Nc6 3. Bc4 Bc5 4. c3 d6 5. d4 Bb6 6. d5 Nce7 7. Bg5 Bg4 8. Bb5+ c6 9. dxc6 Bxf2+ 10. Kf1 Qb6 11. Qe2 bxc6 12. Bxc6+ Nxc6 13. Qxf2 Bxf3 14. gxf3 Qb5+ 15. Kg2 f6 16. Na3 Qb6 17. Qxb6 axb6 18. Be3 Nge7 19. Rhd1 O-O 20. Rxd6 Rac8 21. Bxb6 Nb8 22. Nc4 f5 23. b4 fxe4 24. fxe4 g6 25. Bc5 Rf3 26. Nd2 Rcf8 1-0

[Event "V Floripa Chess Open 2019"]
[Site "Florianopolis/SC"]
[Date "2019.01.23"]
[Round "4.195"]
[White "Mendes, Ana Beatriz Dias Gu"]
[Black "Faria, Juliano Espezim Soa"]
[Result "0-1"]
[WhiteElo "1233"]
[BlackElo "1723"]
[PlyCount "63"]
[EventDate "2019.01.21"]
[EventRounds "10"]
[EventCountry "BRA"]

1. e4 Nf6 2. Nc3 d5 3. exd5 Nxd5 4. Bc4 c6 5. Nf3 Bg4 6. h3 Bh5 7. d3 e6 8. a3 Nd7 9. Qe2 Be7 10. Bd2 Qc7 11. Bxd5 cxd5 12. g4 Bg6 13. Be3 a6 14. h4 h6 15. g5 O-O 16. Nd4 e5 17. Nb3 Qc6 18. d4 e4 19. Na5 Qc7 20. Nb3 Nb6 21. Rf1 Rad8 22. f4 exf3 23. Rxf3 Rfe8 24. O-O-O Bxa3 25. Nc5 Bb4 26. Na2 Bxc5 27. dxc5 Nc4 28. Nc3 Nxe3 29. Rxe3 Qf4 30. Nxd5 Rxd5 31. Rxd5 Rxe3 32. Qd2 0-1

[Event "V Floripa Chess Open 2019"]
[Site "Florianopolis/SC"]
[Date "2019.01.23"]
[Round "4.196"]
[White "Nunes, Lucas Alexandre"]
[Black "Bauza Mercere, Eduardo"]
[Result "1/2-1/2"]
[WhiteElo "1199"]
[BlackElo "1675"]
[PlyCount "75"]
[EventDate "2019.01.21"]
[EventRounds "10"]
[EventCountry "BRA"]

1. e4 e6 2. d4 d5 3. e5 c5 4. c3 Qb6 5. Nf3 Bd7 6. Be2 Bb5 7. O-O Bxe2 8. Qxe2 Qa6 9. Qxa6 Nxa6 10. Be3 c4 11. Nbd2 Ne7 12. Rab1 Nc6 13. Nh4 Be7 14. g3 O-O 15. f4 g6 16. Ndf3 h5 17. Ng5 Kg7 18. Kg2 b5 19. a3 Nc7 20. Ra1 a5 21. Rfb1 b4 22. Kf3 Rfb8 23. Ke2 bxa3 24. bxa3 Nb5 25. Rc1 Bxa3 26. Rc2 Be7 27. Ng2 Nc7 28. Kd1 Rb7 29. Kc1 Rab8 30. Nf3 Kf8 31. Nfh4 Ra7 32. Nf3 Rba8 33. Ng5 Ne8 34. h3 Bxg5 35. fxg5 Kg7 36. Ne1 Nc7 37. Rb1 Kf8 38. Rcb2 1/2-1/2

[Event "V Floripa Chess Open 2019"]
[Site "Florianopolis/SC"]
[Date "2019.01.23"]
[Round "4.197"]
[White "Zottis, Ernani"]
[Black "Rodrigues Mota, Sophia Lorena"]
[Result "1/2-1/2"]
[WhiteElo "1800"]
[BlackElo "1498"]
[PlyCount "30"]
[EventDate "2019.01.21"]
[EventRounds "10"]
[EventCountry "BRA"]

1. e4 c5 2. Nc3 e6 3. Nf3 d6 4. a3 Nf6 5. Bc4 a6 6. d3 b5 7. Ba2 Bb7 8. O-O Be7 9. b4 cxb4 10. axb4 Nbd7 11. Bb2 O-O 12. Re1 Re8 13. d4 Qc7 14. Qd3 Rad8 15. d5 e5 1/2-1/2

[Event "V Floripa Chess Open 2019"]
[Site "Florianopolis/SC"]
[Date "2019.01.23"]
[Round "4.198"]
[White "Duarte, Giovanna Torqui"]
[Black "Queiroz Da Costa, Alan Patrick"]
[Result "0-1"]
[WhiteElo "1673"]
[BlackElo "1474"]
[PlyCount "50"]
[EventDate "2019.01.21"]
[EventRounds "10"]
[EventCountry "BRA"]

1. Nf3 c5 2. d4 cxd4 3. c3 dxc3 4. Nxc3 Nf6 5. e4 d6 6. Bc4 Bg4 7. Bf4 Nbd7 8. Qb3 e6 9. Ng5 Qb6 10. Bb5 h6 11. Nxf7 Kxf7 12. Ba4 Qxb3 13. Bxb3 Nc5 14. Bc4 Be7 15. b4 Ncd7 16. h3 Bh5 17. g4 Bg6 18. Ne2 Bxe4 19. Bg3 Bxh1 20. Nf4 d5 21. Bb3 Bxb4+ 22. Kf1 Bf3 23. Rc1 Rac8 24. Rc6 Rxc6 25. a3 Rc1+ 0-1

[Event "V Floripa Chess Open 2019"]
[Site "Florianopolis/SC"]
[Date "2019.01.23"]
[Round "4.199"]
[White "Duarte, Leonardo Torqui"]
[Black "Ribeiro, Gilnei Guedes"]
[Result "0-1"]
[WhiteElo "1627"]
[BlackElo "1449"]
[PlyCount "62"]
[EventDate "2019.01.21"]
[EventRounds "10"]
[EventCountry "BRA"]

1. e4 c5 2. Nf3 a6 3. Bc4 e6 4. a4 Be7 5. Nc3 d6 6. O-O Nf6 7. d3 O-O 8. Bg5 Nc6 9. d4 cxd4 10. Nxd4 Qc7 11. Qf3 Nxd4 12. Qd3 Nc6 13. Qg3 Ne5 14. Bd3 Nfg4 15. Bxe7 Qxe7 16. f4 Nxd3 17. cxd3 Nf6 18. e5 dxe5 19. fxe5 Qc5+ 20. Kh1 Nd5 21. Nxd5 Qxd5 22. Qe1 b5 23. a5 Bb7 24. Rf3 Qb3 25. Qg3 Bxf3 26. Qxf3 Qb4 27. Qf4 Qxb2 28. Re1 Qc3 29. Re3 Qc1+ 30. Re1 Qxe1+ 31. Qf1 Qxf1# 0-1

[Event "V Floripa Chess Open 2019"]
[Site "Florianopolis/SC"]
[Date "2019.01.23"]
[Round "4.200"]
[White "Dutra, Liliam Guedes"]
[Black "Novello, Gabriela Brasil"]
[Result "1-0"]
[WhiteElo "1443"]
[BlackElo "1186"]
[PlyCount "76"]
[EventDate "2019.01.21"]
[EventRounds "10"]
[EventCountry "BRA"]

1. Nf3 Nf6 2. d4 e6 3. c4 Be7 4. Nc3 d5 5. cxd5 exd5 6. Bg5 Nbd7 7. e3 O-O 8. Qc2 Re8 9. Bd3 h6 10. Bh4 Bb4 11. O-O c6 12. a3 Bd6 13. Rac1 Qc7 14. b4 a6 15. Bg3 b5 16. e4 Bxg3 17. hxg3 Nb6 18. e5 Nfd7 19. Rfe1 Nf8 20. Ne2 Bb7 21. Nf4 Ne6 22. Nxe6 Rxe6 23. Bf5 Re7 24. g4 Rae8 25. g5 Nc4 26. gxh6 gxh6 27. a4 Bc8 28. Bd3 a5 29. Bxc4 bxc4 30. Rb1 Bg4 31. Nh4 Re6 32. bxa5 c5 33. Qd2 cxd4 34. Qxd4 h5 35. f3 Rxe5 36. Rxe5 Qxe5 37. Qxe5 Rxe5 38. fxg4 hxg4 1-0

[Event "V Floripa Chess Open 2019"]
[Site "Florianopolis/SC"]
[Date "2019.01.23"]
[Round "4.202"]
[White "Aguiar, Arthur Vinicius De "]
[Black "Neumann, Jose Verner"]
[Result "1-0"]
[WhiteElo "1377"]
[BlackElo "1758"]
[PlyCount "83"]
[EventDate "2019.01.21"]
[EventRounds "10"]
[EventCountry "BRA"]

1. e4 d6 2. d4 Nf6 3. Nc3 g6 4. f3 Bg7 5. Be3 O-O 6. Qd2 c6 7. O-O-O Nbd7 8. h4 b5 9. g4 h5 10. Bh6 hxg4 11. Bxg7 Kxg7 12. h5 Rh8 13. h6+ Kh7 14. e5 dxe5 15. dxe5 b4 16. exf6 bxc3 17. Qxc3 exf6 18. Qxc6 Rb8 19. Bb5 Rb7 20. Qd5 Rf8 21. Ba6 Rc7 22. Qd3 Bxa6 23. Qxa6 Qe7 24. Qd6 Qxd6 25. Rxd6 Rfc8 26. c3 Re8 27. fxg4 Ne5 28. Rxf6 Nxg4 29. Rf4 f5 30. Nf3 Kg8 31. Rd4 Rce7 32. Ng5 Re1+ 33. Rxe1 Rxe1+ 34. Kd2 Re8 35. Rd7 Nxh6 36. Rxa7 f4 37. b4 Rf8 38. b5 f3 39. Nxf3 Rxf3 40. b6 Rf2+ 41. Ke1 Rb2 42. b7 1-0

[Event "V Floripa Chess Open 2019"]
[Site "Florianopolis/SC"]
[Date "2019.01.24"]
[Round "5.1"]
[White "Granda Zuniga, Julio E"]
[Black "Languidey, Simon Alejandro"]
[Result "1/2-1/2"]
[WhiteElo "2641"]
[BlackElo "2416"]
[Annotator "TA"]
[PlyCount "75"]
[EventDate "2019.01.21"]
[EventRounds "10"]
[EventCountry "BRA"]

1. b3 d5 2. Bb2 Nf6 3. e3 g6 4. c4 c6 5. Nf3 Bg7 6. d4 O-O 7. Be2 Bf5 8. O-O Nbd7 9. Na3 Ne4 10. Qc1 Rc8 11. Rd1 g5 12. Nc2 e6 13. Nce1 g4 14. Nd2 Qg5 15. Nxe4 Bxe4 16. Bxg4 Bxg2 17. Nxg2 Qxg4 18. Rd2 Nf6 19. Qd1 Qf5 20. f3 Kh8 21. Rf2 Rg8 22. Qe2 Bh6 23. Ba3 Bf8 24. Bxf8 Rcxf8 25. cxd5 exd5 26. Qc2 Qh3 27. Qc5 Re8 28. Re1 Rg6 29. Ree2 Reg8 30. Qe7 Rh6 31. Kf1 Qxh2 32. Ke1 Qh1+ 33. Rf1 Qh3 34. Nf4 Qd7 35. Qe5 Qe8 36. Qc7 Qd7 37. Qe5 Qe8 38. Qc7 1/2-1/2

[Event "V Floripa Chess Open 2019"]
[Site "Florianopolis/SC"]
[Date "2019.01.24"]
[Round "5.2"]
[White "Fier, Alexandr"]
[Black "Proudian, Armen"]
[Result "1-0"]
[WhiteElo "2540"]
[BlackElo "2413"]
[Annotator "TA"]
[PlyCount "97"]
[EventDate "2019.01.21"]
[EventRounds "10"]
[EventCountry "BRA"]

1. c4 Nf6 2. Nc3 e6 3. e4 d5 4. e5 d4 5. exf6 dxc3 6. bxc3 Qxf6 7. Nf3 e5 8. d4 exd4 9. Bg5 Qa6 10. Bd3 h6 11. Bh4 Be7 12. Qe2 Qe6 13. Qxe6 Bxe6 14. Bxe7 Kxe7 15. cxd4 Nd7 16. O-O Rhe8 17. Rab1 b6 18. Be4 Rad8 19. Bc6 Bxc4 20. Rfc1 Be6 21. d5 Bf5 22. Rb3 Bg6 23. Re3+ Kf8 24. Rxe8+ Kxe8 25. Ne5 Bf5 26. Ba4 Kf8 27. Nc6 Re8 28. Nd4 Re4 29. Nxf5 Rxa4 30. Rxc7 Re4 31. f3 Re5 32. d6 Nc5 33. g4 Re8 34. Rxa7 Rd8 35. Rc7 Ne6 36. Rb7 g6 37. Nxh6 Rxd6 38. Nxf7 Rd2 39. Ne5 Rxa2 40. Nxg6+ Kg8 41. h4 Nd4 42. Ne5 Re2 43. Rd7 Ne6 44. Ng6 b5 45. h5 Ng5 46. h6 Nf7 47. h7+ Kxh7 48. Nf4 Re3 49. Kf2 1-0

[Event "V Floripa Chess Open 2019"]
[Site "Florianopolis/SC"]
[Date "2019.01.24"]
[Round "5.3"]
[White "Rodriguez Vila, Andres"]
[Black "Coro, Lucas"]
[Result "1-0"]
[WhiteElo "2480"]
[BlackElo "2325"]
[Annotator "TA"]
[PlyCount "74"]
[EventDate "2019.01.21"]
[EventRounds "10"]
[EventCountry "BRA"]

1. c4 Nf6 2. Nc3 g6 3. g3 Bg7 4. Bg2 O-O 5. Nf3 d6 6. O-O e5 7. d3 Nc6 8. Rb1 a5 9. a3 h6 10. b4 axb4 11. axb4 Be6 12. b5 Ne7 13. Bb2 Qd7 14. Re1 Bh3 15. Bh1 Ng4 16. Ra1 Rab8 17. Qb3 Kh8 18. Nd5 f5 19. Nxe7 Qxe7 20. d4 e4 21. Nh4 Qf7 22. f3 g5 23. Ng2 exf3 24. exf3 f4 25. Ra3 Bxg2 26. Bxg2 Ne3 27. d5 Ra8 28. Rxa8 Rxa8 29. b6 cxb6 30. Bf1 Ra6 31. c5 Nxf1 32. Bxg7+ Kxg7 33. Qc3+ Kh7 34. cxd6 Ne3 35. Qc7 Qg7 36. d7 Ra1 37. d8=Q Rxe1+ 1-0

[Event "V Floripa Chess Open 2019"]
[Site "Florianopolis/SC"]
[Date "2019.01.24"]
[Round "5.4"]
[White "Matsuura, Everaldo"]
[Black "Goncalves, Davi Sulzbacher"]
[Result "1-0"]
[WhiteElo "2468"]
[BlackElo "2313"]
[PlyCount "69"]
[EventDate "2019.01.21"]
[EventRounds "10"]
[EventCountry "BRA"]

1. Nf3 c5 2. g3 Nc6 3. d4 cxd4 4. Nxd4 g6 5. Bg2 Bg7 6. Nxc6 dxc6 7. Qxd8+ Kxd8 8. O-O Nf6 9. a4 a5 10. Rd1+ Nd7 11. Na3 Kc7 12. Nc4 b6 13. Bf4+ e5 14. Be3 Ba6 15. Rd6 Bxc4 16. Rxc6+ Kd8 17. Rxc4 Rc8 18. Rxc8+ Kxc8 19. Bd5 Rf8 20. c3 Kc7 21. b4 Nf6 22. Bg2 Ng4 23. Bd2 Rd8 24. Be1 e4 25. bxa5 f5 26. axb6+ Kxb6 27. f3 exf3 28. exf3 Ne5 29. a5+ Ka6 30. Bf1+ Ka7 31. Bf2+ Kb8 32. Rb1+ Ka8 33. Bg2 f4 34. gxf4 Nd3 35. Rd1 1-0

[Event "V Floripa Chess Open 2019"]
[Site "Florianopolis/SC"]
[Date "2019.01.24"]
[Round "5.6"]
[White "Felgaer, Ruben"]
[Black "Campos, Igor Ribeiro"]
[Result "1-0"]
[WhiteElo "2567"]
[BlackElo "2174"]
[Annotator "TA"]
[PlyCount "69"]
[EventDate "2019.01.21"]
[EventRounds "10"]
[EventCountry "BRA"]

1. e4 e6 2. d4 d5 3. Nd2 c5 4. exd5 Qxd5 5. Ngf3 cxd4 6. Bc4 Qd7 7. O-O Nc6 8. Nb3 Nf6 9. Nbxd4 Nxd4 10. Nxd4 a6 11. Bf4 b5 12. Bb3 Bc5 13. Be5 O-O 14. Bxf6 gxf6 15. Qg4+ Kh8 16. Rad1 Qb7 17. Qh5 Rg8 18. Nf3 Bb6 19. Rd6 Bd7 20. a3 Bc6 21. Nh4 Rg5 22. Qh6 Bc5 23. Qxf6+ Rg7 24. Rxc6 Qxc6 25. Nf5 Rag8 26. Nxg7 Rxg7 27. Rd1 Bb6 28. Rd3 a5 29. c3 Qc7 30. Bc2 Kg8 31. Rd2 Qc5 32. Rd7 h6 33. Rb7 Bc7 34. Qd4 Rg5 35. Qd7 1-0

[Event "V Floripa Chess Open 2019"]
[Site "Florianopolis/SC"]
[Date "2019.01.24"]
[Round "5.7"]
[White "De Borba, Guilherme"]
[Black "Cubas, Jose Fernando"]
[Result "0-1"]
[WhiteElo "2293"]
[BlackElo "2506"]
[PlyCount "68"]
[EventDate "2019.01.21"]
[EventRounds "10"]
[EventCountry "BRA"]

1. d4 Nf6 2. c4 g6 3. Nc3 d5 4. Nf3 Bg7 5. Bg5 Ne4 6. cxd5 Nxg5 7. Nxg5 e6 8. Nf3 exd5 9. e3 a5 10. Be2 c6 11. O-O O-O 12. Rc1 Re8 13. Re1 Nd7 14. Na4 Bf8 15. Nc5 Nxc5 16. dxc5 b6 17. cxb6 Qxb6 18. Qd4 c5 19. Qxd5 Be6 20. Qd2 Red8 21. Qc2 Bxa2 22. Ne5 Bg7 23. Qxc5 Qxb2 24. Nc6 Bf8 25. Qg5 Re8 26. Nd4 a4 27. Rc2 Qb4 28. Ra1 Bb3 29. Rcc1 Bg7 30. Bf3 Rac8 31. Rxc8 Rxc8 32. g3 Bxd4 33. Qg4 Rd8 34. exd4 Qc3 0-1

[Event "V Floripa Chess Open 2019"]
[Site "Florianopolis/SC"]
[Date "2019.01.24"]
[Round "5.8"]
[White "Muniz, Rafael"]
[Black "Perdomo, Leandro"]
[Result "1/2-1/2"]
[WhiteElo "2236"]
[BlackElo "2470"]
[Annotator "RC"]
[PlyCount "79"]
[EventDate "2019.01.21"]
[EventRounds "10"]
[EventCountry "BRA"]

1. e4 e5 2. Nf3 Nc6 3. Bc4 Nf6 4. d3 Be7 5. O-O O-O 6. a4 d6 7. Re1 Kh8 8. a5 a6 9. Nc3 Bg4 10. Be3 Nd4 11. Bxd4 exd4 12. Nd5 Nxd5 13. Bxd5 c6 14. Bb3 Bg5 15. h3 Bxf3 16. Qxf3 Bd2 17. Re2 Bxa5 18. Qh5 Bc7 19. Bxf7 Qf6 20. Bb3 Rae8 21. Qg4 Re5 22. h4 Bd8 23. Rf1 h5 24. Qh3 Qf4 25. Qg3 Qxg3 26. fxg3 Rxf1+ 27. Kxf1 Bf6 28. Rf2 a5 29. Bf7 a4 30. Rf5 b5 31. Kf2 b4 32. Rxe5 Bxe5 33. Kf3 g5 34. g4 Kg7 35. Bc4 gxh4 36. gxh5 Kh6 37. Kg4 Bf6 38. Ba2 Bd8 39. Bc4 Bf6 40. Ba2 1/2-1/2

[Event "V Floripa Chess Open 2019"]
[Site "Florianopolis/SC"]
[Date "2019.01.24"]
[Round "5.9"]
[White "Viana, Dirceu"]
[Black "Molina, Roberto Junio Brito"]
[Result "1/2-1/2"]
[WhiteElo "2173"]
[BlackElo "2458"]
[Annotator "TA"]
[PlyCount "52"]
[EventDate "2019.01.21"]
[EventRounds "10"]
[EventCountry "BRA"]

1. e4 c5 2. Nc3 Nc6 3. g3 g6 4. Bg2 Bg7 5. d3 d6 6. Nh3 Nf6 7. O-O Rb8 8. f3 b5 9. Be3 b4 10. Ne2 O-O 11. Qd2 Ne8 12. c3 bxc3 13. bxc3 Qa5 14. Rac1 Nc7 15. Rc2 Bd7 16. Bh6 e5 17. Bxg7 Kxg7 18. f4 f6 19. Nf2 Ne7 20. Bh3 Bxh3 21. Nxh3 Qb5 22. Nf2 Ne6 23. Ng4 Ng8 24. Ne3 Rb7 25. Nd5 Qd7 26. fxe5 fxe5 1/2-1/2

[Event "V Floripa Chess Open 2019"]
[Site "Florianopolis/SC"]
[Date "2019.01.24"]
[Round "5.10"]
[White "Hoffman, Alejandro"]
[Black "Januario, Severino Pereira"]
[Result "1-0"]
[WhiteElo "2454"]
[BlackElo "2173"]
[Annotator "TA"]
[PlyCount "67"]
[EventDate "2019.01.21"]
[EventRounds "10"]
[EventCountry "BRA"]

1. d4 Nf6 2. c4 g6 3. Nc3 Bg7 4. e4 d6 5. Bd3 e5 6. d5 c6 7. Nge2 Nbd7 8. h3 a6 9. Be3 Qc7 10. b4 c5 11. a3 b6 12. Qd2 h6 13. O-O g5 14. Rab1 Nh5 15. Ng3 Ndf6 16. bxc5 bxc5 17. Na4 Nxg3 18. fxg3 Nd7 19. Be2 Rb8 20. Rxb8 Qxb8 21. Bd3 Qc7 22. g4 O-O 23. Nc3 Nf6 24. Ne2 Bd7 25. Ng3 Rb8 26. Bc2 Rb7 27. Qc3 Qb8 28. Bc1 Qd8 29. Rf3 Nh7 30. Qe1 Bf8 31. Bd2 Rb2 32. Qc1 Rb7 33. Bc3 Bg7 34. Qf1 1-0

[Event "V Floripa Chess Open 2019"]
[Site "Florianopolis/SC"]
[Date "2019.01.24"]
[Round "5.11"]
[White "Barbosa, Fernando"]
[Black "Quintiliano Pinto, Renato R."]
[Result "1/2-1/2"]
[WhiteElo "2182"]
[BlackElo "2441"]
[PlyCount "125"]
[EventDate "2019.01.21"]
[EventRounds "10"]
[EventCountry "BRA"]

1. e4 c5 2. Nc3 Nc6 3. g3 g6 4. Bg2 Bg7 5. d3 d6 6. Nh3 e6 7. Be3 Nge7 8. Qd2 O-O 9. Bh6 e5 10. Bxg7 Kxg7 11. O-O f6 12. f4 Be6 13. Nf2 Qd7 14. Rae1 Rae8 15. b3 d5 16. exd5 Nxd5 17. Nfe4 b6 18. fxe5 Nxe5 19. Nxd5 Bxd5 20. Qf4 Qc6 21. g4 f5 22. gxf5 Rxf5 23. Qg3 Rxf1+ 24. Rxf1 Bxe4 25. Bxe4 Qd6 26. a4 Rf8 27. Re1 Qd4+ 28. Qe3 Qd7 29. Qg3 Ng4 30. Bd5 Nf6 31. Bg2 Qd4+ 32. Qf2 Re8 33. Be4 Nxe4 34. dxe4 Rxe4 35. Qxd4+ Rxd4 36. Re7+ Kh6 37. Rxa7 Rd1+ 38. Kg2 Rd2+ 39. Kg1 Rxc2 40. Rb7 Rb2 41. Rxb6 c4 42. Rc6 cxb3 43. Rb6 Kh5 44. Rb5+ g5 45. a5 Kh4 46. a6 g4 47. a7 Rb1+ 48. Kg2 Rb2+ 49. Kg1 Ra2 50. Rxb3 Ra1+ 51. Kg2 Ra2+ 52. Kg1 Rxa7 53. Rb2 Ra3 54. Kg2 Rf3 55. Rc2 Re3 56. Ra2 Rb3 57. Rc2 h5 58. Ra2 Kg5 59. Ra5+ Kh4 60. Ra2 Rf3 61. Ra5 Rf6 62. Rb5 Ra6 63. Rb2 1/2-1/2

[Event "V Floripa Chess Open 2019"]
[Site "Florianopolis/SC"]
[Date "2019.01.24"]
[Round "5.12"]
[White "Umetsubo, Cesar Hidemitsu"]
[Black "Zampronha, Wladimir Camilo"]
[Result "1-0"]
[WhiteElo "2407"]
[BlackElo "2171"]
[PlyCount "167"]
[EventDate "2019.01.21"]
[EventRounds "10"]
[EventCountry "BRA"]

1. e4 c5 2. Nc3 e6 3. Nge2 Nc6 4. g3 Nf6 5. Bg2 Be7 6. O-O O-O 7. d4 cxd4 8. Nxd4 d6 9. Be3 Bd7 10. Nb3 Ne5 11. Qe2 Qc7 12. Rad1 Nc4 13. Bc1 Rab8 14. Nd4 b5 15. b3 b4 16. Qxc4 Qxc4 17. bxc4 bxc3 18. Ba3 Rfc8 19. e5 dxe5 20. Bxe7 exd4 21. Rxd4 Ba4 22. Rc1 Rb2 23. a3 Rxc2 24. Rxc2 Bxc2 25. Bb4 Bb3 26. Bxc3 e5 27. Rd2 Bxc4 28. Bxe5 Re8 29. Bc6 Rc8 30. h3 a6 31. Bf3 Re8 32. Bc6 Rc8 33. f4 h6 34. Bb7 Rc5 35. Rc2 Nd7 36. Bd4 Rb5 37. Bc6 Rb1+ 38. Kf2 Bb5 39. Be4 Rf1+ 40. Kg2 Kf8 41. a4 Re1 42. Bc6 Bxc6+ 43. Rxc6 Re6 44. Rc8+ Ke7 45. Bxg7 f5 46. Rh8 Nb6 47. Bxh6 Nxa4 48. Bg7 Kf7 49. Be5 Nc5 50. Rh7+ Kg6 51. Rg7+ Kh6 52. Rf7 Kg6 53. Rf8 Nd3 54. Bc3 Rc6 55. Bd4 Rd6 56. Bh8 Rc6 57. Bd4 Rd6 58. Bc3 Rc6 59. Bd4 Rd6 60. Bh8 Re6 61. g4 Nxf4+ 62. Kf3 fxg4+ 63. Kxf4 gxh3 64. Be5 Rc6 65. Rg8+ Kf7 66. Rh8 Ke6 67. Ke4 Kd7 68. Kd5 Rg6 69. Rh7+ Kc8 70. Bd6 Rg2 71. Kc6 Rc2+ 72. Bc5 Rd2 73. Rxh3 a5 74. Rh8+ Rd8 75. Rh7 Kb8 76. Rb7+ Ka8 77. Ra7+ Kb8 78. Rxa5 Rc8+ 79. Kb6 Rd8 80. Ra7 Rd1 81. Rh7 Rb1+ 82. Kc6 Ka8 83. Rh2 Rb3 84. Ra2+ 1-0

[Event "V Floripa Chess Open 2019"]
[Site "Florianopolis/SC"]
[Date "2019.01.24"]
[Round "5.13"]
[White "Almeida, Gianluca Jorio"]
[Black "Almiron, Antonio"]
[Result "0-1"]
[WhiteElo "2157"]
[BlackElo "2392"]
[PlyCount "92"]
[EventDate "2019.01.21"]
[EventRounds "10"]
[EventCountry "BRA"]

1. c4 e6 2. Nc3 d5 3. e3 Nf6 4. Nf3 c6 5. b3 Bd6 6. Bb2 O-O 7. Qc2 Re8 8. Rc1 a6 9. d4 Nbd7 10. Be2 b5 11. O-O Bb7 12. e4 b4 13. e5 bxc3 14. Bxc3 Ba3 15. exf6 Bxc1 16. Rxc1 Nxf6 17. c5 a5 18. Ne5 Qc8 19. Qd2 Ne4 20. Qf4 f6 21. Ng4 Qb8 22. Qxb8 Rexb8 23. Be1 Ng5 24. Rc3 Ba6 25. Bd1 a4 26. h4 axb3 27. Bxb3 Nf7 28. Re3 Re8 29. Bc3 h5 30. Nh2 e5 31. Nf3 exd4 32. Rxe8+ Rxe8 33. Nxd4 Bb7 34. Bc2 Ne5 35. Nf5 Ra8 36. Bb3 Nd3 37. Bd4 Nc1 38. Bd1 Rxa2 39. Bxh5 Kf8 40. Be3 Nd3 41. g4 Ne5 42. Nd6 Ba6 43. g5 g6 44. Bxg6 Nf3+ 45. Kg2 Nxh4+ 46. Kg3 Nxg6 0-1

[Event "V Floripa Chess Open 2019"]
[Site "Florianopolis/SC"]
[Date "2019.01.24"]
[Round "5.14"]
[White "Menna Barreto, Felipe Kubiaki"]
[Black "Awoki, Daniel Teidi"]
[Result "1/2-1/2"]
[WhiteElo "2389"]
[BlackElo "2143"]
[PlyCount "73"]
[EventDate "2019.01.21"]
[EventRounds "10"]
[EventCountry "BRA"]

1. Nf3 d5 2. g3 Nf6 3. c4 e6 4. Bg2 Be7 5. O-O O-O 6. d4 dxc4 7. Nc3 c5 8. dxc5 Nc6 9. Qa4 Bxc5 10. Qxc4 Be7 11. Rd1 Bd7 12. Bg5 Rc8 13. Qd3 Nb4 14. Qb1 Nfd5 15. Bd2 Bf6 16. e4 Nb6 17. e5 Be7 18. a3 N4d5 19. Ne4 Qc7 20. Rc1 Qb8 21. Neg5 g6 22. Qe4 h6 23. Nh3 Kg7 24. Nf4 Nxf4 25. Qxf4 Rxc1+ 26. Rxc1 Rh8 27. h4 Nd5 28. Qg4 h5 29. Qd4 Rc8 30. Ng5 Rxc1+ 31. Bxc1 Qc7 32. Bd2 Qc5 33. Qd3 Bb5 34. Qf3 Be8 35. Qd3 Bb5 36. Qf3 Be8 37. Qd3 1/2-1/2